书目信息 |
| 题名: |
癌人
|
|
| 作者: | 王晋康 著 | |
| 分册: | ||
| 出版信息: | 郑州 河南人民出版社 2003.10 |
|
| 页数: | 373页 | |
| 开本: | 20cm | |
| 丛书名: | ||
| 单 册: | ||
| 中图分类: | I247.55 | |
| 科图分类: | ||
| 主题词: | 小说--中国 | |
| 电子资源: | ||
| ISBN: | 7-215-05259-1 | |
| 000 | 00511nam0 2200193 45 | |
| 001 | 0442249670 | |
| 005 | 2004042311440967 | |
| 010 | @a7-215-05259-1@dCNY 19.00 | |
| 100 | @a20040423d2003 km y0chiy0120 ea | |
| 101 | 0 | @achi |
| 102 | @aCN@b410000 | |
| 200 | 1 | @a癌人@Aai ren@f王晋康著@FWang Jin Kang Zhu |
| 210 | @a郑州@c河南人民出版社@d2003.10 | |
| 215 | @a373页@d20cm | |
| 606 | 0 | @a小说@x中国 |
| 690 | @aI247.55@v3 | |
| 701 | 0 | @a王晋康@AWang Jin Kang@4著 |
| 801 | 0 | @aCN@bPFT@c20040423 |
| 905 | @dI247.55@eW233 | |
| 癌人/王晋康著.-郑州:河南人民出版社,2003.10 |
| 373页;20cm |
| ISBN 7-215-05259-1:CNY 19.00 |
| ● |
| 相关链接 |
|
|
|
正题名:癌人
索取号:I247.55/W233
 
预约/预借
| 序号 | 登录号 | 条形码 | 馆藏地/架位号 | 状态 | 备注 |
| 1 | 385306 | 203853062 | 社科二线400B/400B社科库 19排2列4层/ [索取号:I247.55/W233] | 在馆 | |
| 2 | 385307 | 203853071 | 社科二线422/422社科库 3排1列4层/ [索取号:I247.55/W233] | 在馆 | |
| 3 | 385308 | 203853080 | 社科二线422/422社科库 3排1列4层/ [索取号:I247.55/W233] | 在馆 |